| 000 | 00822nam a22002537a 4500 | ||
|---|---|---|---|
| 001 | 7371 | ||
| 003 | FISKH | ||
| 005 | 20250711083527.0 | ||
| 008 | 250711b cb ||||| |||| 00| 0 eng d | ||
| 040 |
_aFISKH _beng _cFISKH _dFISKH |
||
| 050 | _aPZ7.B81618 A | ||
| 082 | _a 813 | ||
| 100 | _aBrown, Marc | ||
| 245 |
_aArthur's new puppy : _bAn Arthuradventure / _cMarc Brown |
||
| 260 |
_aNew York : _bScholastic, _c1993. |
||
| 300 |
_a32 unnumbered pages : _bcolor illustrations ; _c26 cm |
||
| 505 | _aJ | ||
| 520 | _aArthur's new puppy causes problems when it tears the living room apart, wets on everything, and refuses to wear a leash. | ||
| 521 | 8 |
_a480
_bLexile |
|
| 521 | 8 |
_aJ
_bRaz-Plus |
|
| 650 |
_aPicture Book _vFiction _xCause and Effect _yResponsibility |
||
| 942 |
_2ddc _cBK _n0 |
||
| 999 |
_c7371 _d7371 |
||